[Event "World Cup U12 Girls Prel"]
[Site "Tornelo INT"]
[Date "2021.08.16"]
[Round "6"]
[White "Imomkuzieva, Nilufarkhon"]
[Black "Kitadze, Anano"]
[Result "1-0"]
[WhiteElo "1261"]
[BlackElo "1053"]
[PlyCount "95"]
[EventDate "2021.08.16"]
[EventType "swiss (rapid)"]
[EventRounds "10"]
[EventCountry "NET"]
[SourceTitle "EXT 2025"]
[Source "ChessBase"]
[SourceDate "2024.10.14"]
[SourceVersion "1"]
[SourceVersionDate "2024.10.14"]
[SourceQuality "1"]

1. e4 e5 2. Nf3 Nc6 3. Bc4 Nf6 4. d3 Bc5 5. Nc3 0-0 6. 0-0 h6 7. h3 d6 8. Be3 Bb6 9. Bb3 Na5 10. Bxb6 axb6 11. d4 Nxb3 12. axb3 Rxa1 13. Qxa1 exd4 14. Nxd4 Bd7 15. Qd1 Nh7 16. Qf3 Ng5 17. Qg3 Qf6 18. Rd1 Re8 19. f3 Ne6 20. Nf5 Ng5 21. h4 Ne6 22. Nd5 Qe5 23. Nxh6+ Kh7 24. Qxe5 dxe5 25. Nxf7 Nd4 26. Ng5+ Kg8 27. c3 Nxb3 28. Nxc7 Rd8 29. Nge6 Rc8 30. Rxd7 Nc5 31. Nxc5 bxc5 32. Ne6 Rc6 33. Ng5 g6 34. Rxb7 Ra6 35. Rb5 Rc6 36. Rb8+ Kg7 37. Rb7+ Kg8 38. b4 cxb4 39. cxb4 Rc8 40. b5 Kf8 41. b6 Kg8 42. Rc7 Rb8 43. b7 Kf8 44. Rc8+ Rxc8 45. bxc8Q+ Kg7 46. Qd7+ Kg8 47. Qf7+ Kh8 48. Qh7# 1-0

[Event "World Cup U12 Girls Prel"]
[Site "Tornelo INT"]
[Date "2021.08.16"]
[Round "9"]
[White "Kitadze, Anano"]
[Black "Diasamidze, Lulu"]
[Result "0-1"]
[WhiteElo "1053"]
[BlackElo "1275"]
[PlyCount "166"]
[EventDate "2021.08.16"]
[EventType "swiss (rapid)"]
[EventRounds "10"]
[EventCountry "NET"]
[SourceTitle "EXT 2025"]
[Source "ChessBase"]
[SourceDate "2024.10.14"]
[SourceVersion "1"]
[SourceVersionDate "2024.10.14"]
[SourceQuality "1"]

1. e4 c5 2. c3 d5 3. exd5 Qxd5 4. Nf3 Nc6 5. d4 cxd4 6. Nxd4 Nxd4 7. Be3 Nf3+ 8. Qxf3 Qxf3 9. gxf3 Nf6 10. Bg2 e6 11. Nd2 Nd5 12. 0-0-0 Bd7 13. f4 Bc6 14. Rde1 0-0-0 15. Be4 Bd6 16. Bxd5 Bxd5 17. Rhg1 Rhg8 18. a3 b6 19. f3 Kb7 20. Ne4 Bc7 21. Rgf1 Rd7 22. Rd1 Rgd8 23. Rd2 Bb3 24. Rff2 h6 25. Rxd7 Rxd7 26. Rd2 Rxd2 27. Kxd2 Bd5 28. Ke2 Kc6 29. Nd2 Kd7 30. Kd3 a6 31. c4 Bb7 32. Ke2 b5 33. cxb5 axb5 34. Nb3 Bc6 35. Nd4 Bb8 36. Nxc6 Kxc6 37. Kd3 Kd5 38. h3 h5 39. Bd4 g6 40. Be3 f5 41. b3 Bc7 42. a4 bxa4 43. bxa4 e5 44. fxe5 Kxe5 45. f4+ Kd5 46. h4 Bd8 47. Bf2 Ba5 48. Bg3 Bb4 49. Bf2 Ba5 50. Bg3 Bb6 51. Be1 Bc7 52. Bg3 Kc5 53. Kc3 Ba5+ 54. Kd3 Bc7 55. Kc3 Bd6 56. Kd3 Kb4 57. Kd4 Kxa4 58. Kd5 Bb4 59. Ke6 Kb5 60. Kf6 Kc5 61. Kxg6 Kd6 62. Kxf5 Ke7 63. Kg5 Kf7 64. Kxh5 Bc3 65. Kg5 Kg7 66. f5 Bd4 67. Kf4 Bc3 68. h5 Bf6 69. Bf2 Bc3 70. Bh4 Bd4 71. Ke4 Bc3 72. Kd5 Kh6 73. Ke6 Kxh5 74. Bg3 Bb4 75. Bd6 Bc3 76. Be5 Bb4 77. f6 Kg6 78. f7 Bf8 79. Bf4 Bc5 80. Be5 Bf8 81. Bd4 Bb4 82. Bf6 Bf8 83. Be7 Bg7 0-1

[Event "World Cup U12 Girls Prel"]
[Site "Tornelo INT"]
[Date "2021.08.16"]
[Round "8"]
[White "Yashvi, Jain"]
[Black "Kitadze, Anano"]
[Result "1-0"]
[WhiteElo "1376"]
[BlackElo "1053"]
[PlyCount "117"]
[EventDate "2021.08.16"]
[EventType "swiss (rapid)"]
[EventRounds "10"]
[EventCountry "NET"]
[SourceTitle "EXT 2025"]
[Source "ChessBase"]
[SourceDate "2024.10.14"]
[SourceVersion "1"]
[SourceVersionDate "2024.10.14"]
[SourceQuality "1"]

1. d4 Nf6 2. Nf3 e6 3. Bf4 c5 4. c3 Nc6 5. e3 d5 6. Nbd2 Bd6 7. Bg3 0-0 8. Bd3 Re8 9. Ne5 Qc7 10. f4 c4 11. Bc2 Bxe5 12. fxe5 Nd7 13. 0-0 Nf8 14. Qf3 Bd7 15. e4 dxe4 16. Nxe4 Ng6 17. Qxf7+ Kh8 18. Qf3 Nce7 19. Qh5 Rf8 20. Ng5 h6 21. Bxg6 Nxg6 22. Nf7+ Kh7 23. Ng5+ Kg8 24. Qxg6 hxg5 25. Qxg5 Qc6 26. Qg4 Qd5 27. Bh4 Bc6 28. Rf6 Rxf6 29. exf6 Qd7 30. fxg7 Qxg7 31. Qxe6+ Kh7 32. Bg3 Re8 33. Qxc4 Qg5 34. Qf7+ Qg7 35. Qf5+ Qg6 36. Qxg6+ Kxg6 37. c4 Re2 38. d5 Bd7 39. b4 Rb2 40. a3 Rc2 41. c5 a6 42. Re1 Kf7 43. Bh4 Bb5 44. Re7+ Kf8 45. Rxb7 Ra2 46. c6 Rc2 47. Be7+ Ke8 48. Bc5 Rc3 49. Rb8+ Kf7 50. c7 Bd7 51. c8Q Bxc8 52. Rxc8 Rd3 53. Rf8+ Kg6 54. d6 Rd2 55. Re8 Kf7 56. Re7+ Kf6 57. d7 Rd5 58. Rh7 Ke6 59. g4 1-0